Equipos de la Liga F 2024/25 - Estadísticas

Estadísticas generales
  • Esta prueba ha sido intentada 49 veces
    18 desde el último reinicio
  • La puntuación promedio es 13 de 16
Estadísticas de respuestas
Clubes % Correcto
FC Barcelona
100%
Levante UD
100%
Real Madrid CF
100%
Atlético de Madrid
94%
Real Betis
94%
Sevilla FC
94%
Valencia CF
89%
Athletic Club
83%
UDG Tenerife
83%
RCD Espanyol
78%
Real Sociedad
78%
Madrid CFF
67%
Deportivo de La Coruña
61%
FC Levante Badalona
61%
Granada CF
56%
SD Eibar
56%
No se encontraron pruebas coincidentes
Distribución de puntuación
Porcentaje de gente con cada puntuación
Porcentaje por número respondido
Historial de tus puntuaciones
No has intentado esta prueba desde el último reinicio